=O último olimpiano (Record no. 13997)

MARC details
000 -LÍDER
campo de controle de tamanho fixo 00356 a2200157 4500
001 - NÚMERO DE CONTROLE
campo de controle 13997
020 ## - ISBN - INTERNATIONAL STANDARD BOOK NUMBER
ISBN - International Standard Book Number 9788598078908 (broch.)
040 ## - FONTE DA CATALOGAÇÃO
Instituição que transcreveu o registro Anchieta - Aquarius
100 ## - ENTRADA PRINCIPAL--NOME PESSOAL
Nome pessoal Zampil, Raquel
240 10 - TÍTULO UNIFORME
Título uniforme =O último olimpiano
Idioma da obra por
245 10 - TÍTULO
Título =O último olimpiano
300 ## - DESCRIÇÃO FÍSICA
Extensão 383p.
362 0# - DATAS DE PUBLICAÇÃO E/OU DESIGNAÇÃO SEQUENCIAL
Datas de publicação e/ou designação sequencial 2010
650 #4 - ASSUNTO--TERMO TÓPICO
Cabeçalho tópico ou nome geográfico Literatura inglesa
942 ## - ELEMENTOS DE ENTRADA ADICIONADOS (KOHA)
Tipo de material Koha Livros
Holdings
Situação do descarte Situação das perdas Situação física Não pode ser emprestado Biblioteca de origem Biblioteca atual Data de aquisição Total de empréstimos Número de chamada completo Código de barras Data de último acesso Data do preço efetivo Tipo de material Koha Fonte da classificação ou esquema de arquivamento na estante
        Colégio Anchieta - Aquarius Colégio Anchieta - Aquarius 21/11/2023   820 RIO OUL 5667/AQU 21/11/2023 21/11/2023 Livros  
        Colégio Anchieta - Pituba Colégio Anchieta - Pituba 21/11/2023     9267/PIT 21/11/2023 21/11/2023 Livros  
        Colégio Anchieta - Pituba Colégio Anchieta - Pituba 21/11/2023   LJ 028.5 R585u RIO ULT 14634/PIT 21/11/2023 21/11/2023 Livros  
        Colégio Anchieta - Pituba Colégio Anchieta - Pituba 21/11/2023   LJ 028.5 R585u RIO ULT 14635/PIT 21/11/2023 21/11/2023 Livros  
        Colégio São Paulo Colégio São Paulo 21/11/2023     893/ITA 21/11/2023 21/11/2023 Livros  
        Colégio São Paulo Colégio São Paulo 22/11/2023   LJ 028.5 R585u 4733/CSP 22/11/2023 22/11/2023 Livros  
        Colégio São Paulo Colégio São Paulo 22/11/2023   LJ 028.5 R585u 4734/CSP 22/11/2023 22/11/2023 Livros  
        Colégio São Paulo Colégio São Paulo 22/11/2023   LJ 028.5 R585u 4735/CSP 22/11/2023 22/11/2023 Livros  
        Domus - Itaim Bibi Domus - Itaim Bibi 14/08/2024   398 R452u 9788563223531 14/08/2024 14/08/2024 Livros Classificação Decimal de Dewey
        ESTA - SÃO BENTO ESTA - SÃO BENTO 30/04/2024   028.54 RIO ULT EST00012432 30/04/2024 30/04/2024 Livros